000 00634nam a2200217Ia 4500
003 OSt
005 20220925210451.0
006 a|||||r|||| 00| 0
007 ta
008 220923b |||||||| |||| 00| 0 eng d
037 _cGeneral Book
040 _aRTL
_cRTL
_beng
041 _2eng
_aeng
082 _aY:5.2sN81, M1
100 _aCensus of India, 1981
245 0 _aFertility in India
_b An analisis of 1981 census data
260 _aIndia
_bGovt. Press
_c1981
500 _aOccasinal paper no. 13 of 1988
942 _hY:5.2sN81, M1
_cGB
_2CC
999 _c555166
_d555166